Beautiful Rosalind and minor poems / (Record no. 120124)

MARC details
000 -LEADER
campo de control de longitud fija 00606nam a2200181 4500
001 - NÚMERO DE CONTROL
campo de control 120124
003 - IDENTIFICADOR DE NÚMERO DE CONTROL
campo de control ES-MaACL
005 - FECHA Y HORA DE LA ÚLTIMA TRANSACCIÓN
campo de control 20230906191453.0
007 - CAMPO FIJO DE DESCRIPCIÓN FÍSICA--INFORMACIÓN GENERAL
campo de control de longitud fija t|
008 - DATOS DE LONGITUD FIJA--INFORMACIÓN GENERAL
campo de control de longitud fija 070214s1967 sp r ||||1| spa d
100 1# - ENTRADA PRINCIPAL--NOMBRE DE PERSONA
Nombre de persona Pérez de Vega, Francisco.
9 (RLIN) 90814
245 10 - MENCIÓN DEL TÍTULO
Título Beautiful Rosalind and minor poems /
Mención de responsabilidad, etc. by Francisco Pérez de Vega ; illustrations by Alice von Hellmer.
260 ## - PUBLICACIÓN, DISTRIBUCIÓN, ETC.
Lugar de publicación, distribución, etc. Madrid :
Nombre del editor, distribuidor, etc. Comercial Española de Ediciones,
Fecha de publicación, distribución, etc. 1967.
300 ## - DESCRIPCIÓN FÍSICA
Extensión 54 p. :
Otras características físicas il. ;
Dimensiones 25 cm.
700 1# - ENTRADA AGREGADA--NOMBRE PERSONAL
Nombre de persona Hellmer, Alice von.
9 (RLIN) 62456
852 ## - LOCALIZACIÓN
Ubicación ES-MaACL
Número de control de estantería C-36915
Sublocalización o colección R.68960
852 ## - LOCALIZACIÓN
Ubicación ES-MaACL
Número de control de estantería C-36916
Sublocalización o colección R.68959
Holdings
Estatus retirado Estado de pérdida Estado de daño No para préstamo Biblioteca de origen Biblioteca actual Ubicación en estantería Fecha de adquisición Fuente de adquisición Total de préstamos Signatura topográfica completa Código de barras Visto por última vez Precio de reemplazo Tipo de ítem Koha
        Biblioteca del Ateneo de Madrid Biblioteca del Ateneo de Madrid Depósito 2 17/01/2008     C-36916 1125213 23/02/2023 23/02/2023 Libro impreso
        Biblioteca del Ateneo de Madrid Biblioteca del Ateneo de Madrid Depósito 2 17/01/2008     C-36915 1125212 23/02/2023 23/02/2023 Libro impreso